000 06380namaa22004451i 4500
003 EG-GICUC
005 20260422103319.0
008 260406s2025 ua a|||frm||| 000 0 eng d
040 _aEG-GICUC
_beng
_cEG-GICUC
_dEG-GICUC
_erda
041 0 _aeng
_beng
_bara
049 _aDeposit
082 0 4 _a615.4
092 _a615.4
_221
097 _aM.Sc
099 _aCai01.08.08.M.Sc.2025.Ma.F
100 0 _aMarwa Saeed Farahat,
_epreparation.
245 1 0 _aFormulation and Optimization of certain topical drug delivery systems /
_cby Marwa Saeed Farahat ; Supervision Prof. Dr. Mohamed Ahmed El-Nabarawi, Prof. Dr. Mahmoud Teaima, Dr. Sammar Fathy Elhabal.
246 1 5 _aصياغة و تعظيم عقار بعض انظمة العلاج السطحية
264 0 _c2025.
300 _a160 pages :
_billustrations ;
_c25 cm. +
_eCD.
336 _atext
_2rda content
337 _aUnmediated
_2rdamedia
338 _avolume
_2rdacarrier
502 _aThesis (M.Sc)-Cairo University, 2025.
504 _aBibliography: pages 137 -154.
520 3 _aOral ulcerative mucositis (OUM) is a common painful disease that affects oral functions, such as eating or speaking leading to a low quality of life. This study aims to develop a novel strategy for relieving pain associated with OUM by using local anesthetics. Here, a hybrid dissolving microneedle patch integrated with lidocaine (Lido)-encapsulated invasomes (modifed liposomes containing terpenes as penetration enhancers) depots are introduced for sustained Lido delivery, reduced dosing frequency, and improved patient compliance. Different Lido-loaded invasomes formulations were developed using design expert® software to study the effects of different type of terpenes (Limonene, Cineole, Camphor) and their concentration using a thin-film hydration approach. Optimized invasomes formulation containing cineole exhibited excellent stability, a high entarapment efficiency of 83.5%, and a nanoscale size of approximately 295 nm. And for optimal relief of OUM, LID was optimized with CUR in an innovative dosage form buccal film. This work optimized and tested a dual-action mucoadhesive buccal film containing curcumin (CUR) with lidocaine (LID) for the localized treatment of OUM to develop an anti- inflammatory and analgesic effects while enhancing drug retention and mucosal healing. Mucoadhesive buccal films were formulated using a solvent casting technique based on nanoemulsion. Buccal films were produced combining plasticizers (PEG 400), hydrophilic polymers (PVA, HPMC, PVP), and permeation enhancers (Tween 80, Transcutol). F4 showed the best formulated film with mechanical and physicochemical properties: high folding endurance (>300 folds), uniform thickness (1.0 ± 0.01 mm), pH compatibility (6.7), and excellent drug content homogeneity (~97% for LID and ~96% for CUR).
520 3 _aالتهاب الغشاء المخاطي الفموي هو مرض مؤلم شائع يؤثر على وظائف الفم مثل الاكل او التحدث, مما يؤدي الى تدني جودة الحياة. تهدف هذه الدراسة الى تطوير استراتيجية جديدة لتخفيف الالم المصاحب لالتهاب الفم التقرحي باستخدام المخدرات الموضعية. هنا, تم دمج شريط ميكروابر دائبة هجينة مع الليدوكايين المغلف في حويصلات انفاسومز (ليبوسومات معدلة تحتوي على تربينات لتعزير النفادية) بهدف توصيل الليدوكايين بشكل مستمر, تقليل عدد الجرعات, و تحسين التزام المريض بالعلاج تم تطوير تركيبات مختلفة من انفاسومز المحملة بالليدوكايين باستخدام برنامج Design Expert® لدراسة تأثير أنواع مختلفة من التربينات ( ليمونين, سينيول, كافور ) و تركيزها باستخدام طريقة ترطيب الاغشية الرقيقة. أظهرت تركيبة انفاسومز المحتوية على سينيول استقرارا ممتازا, و كفاءة احتواء عالية بلغت 83.5%, و حجم جسيمات نانوي يقارب 295 نانومترز للحصول على أفضل علاج لالتهاب الغشاء الفموي التقرحي. تم تحسين تركيبة الليدوكايين مع الكركمين في شكل جرعة مبتكرة شريط فموي مخاطي. تم في هدا العمل تحسين و اختبار شريط فموي مخاطي لاصق مزدوج التأثير يحتوي على الكركمين مع الليدوكيين لعلاج التهاب الغشاء الفموي التقرحي موضعيا بهدف تطوير تأثيرات مضادة للالتهاب و مسكنة للالم, مع تعزيز احتفاظ الدواء و تحفير شفاء الغشاء المخاطي. تم انتاج الاشرطة الفموية باستخدام تقنية الصب بالمديب, بالاعتماد على مواد, و بوليمرات محبة للماء ( PVA, PVP, HPMC ) , و معززات نفادية (Tween, Transcutol). أظهر شريطا علاجيا افضل خواص ميكانيكية, و فيزيائية, و كيميائية: مرونة طي عالية (˂300( , سمك منتظم (1±0.01) مم, توافق مع درجة الحموضة (6.7), و تجانس ممتاز في محتوى الدواء ( 97% لليدوكايين و 96% للكركمين ).
530 _aIssues also as CD.
546 _aText in English and abstract in Arabic & English.
650 0 _aPharmaceutics
650 0 _aصيدلانيات
653 1 _aOral ulcer
_aMucositis
_aInvasomes
_aMicroneedle patches
_aSodium alginate
_aHealing
_aالتهاب الغشاء الفموي التقرحي
_aليدوكايين
700 0 _aMohamed Ahmed El-Nabarawi
_ethesis advisor.
700 0 _aMahmoud Teaima
_ethesis advisor.
700 0 _aSammar Fathy Elhabal
_ethesis advisor.
900 _b01-01-2025
_cMohamed Ahmed El-Nabarawi
_cMahmoud Teaima
_cSammar Fathy Elhabal
_UCairo University
_FFaculty of Pharmacy
_DDepartment of Pharmaceutics and Industrial Pharmacy
905 _aShimaa
_eEman Ghareb
942 _2ddc
_cTH
_e21
_n0
999 _c179233